000 00225 a2200097 4500
001 24997
100 _aLawden, D.T
245 _aCourse in applied mathematics, A
260 _a
_bEng University Press
_c
090 _c16944
_d16944
942 _aNUST-CAE
_cM
_c7718
999 _c260070
_d260070